My brown bear Barney / (Record no. 4066)

MARC details
000 -LEADER
fixed length control field 01118pam a2200337 a 4500
001 - CONTROL NUMBER
control field 4066
003 - CONTROL NUMBER IDENTIFIER
control field FISKH
005 - DATE AND TIME OF LATEST TRANSACTION
control field 20240605092325.0
008 - FIXED-LENGTH DATA ELEMENTS--GENERAL INFORMATION
fixed length control field 880616t19891988nyua j 000 1 eng
010 ## - LIBRARY OF CONGRESS CONTROL NUMBER
LC control number 88021199
020 ## - INTERNATIONAL STANDARD BOOK NUMBER
International Standard Book Number 0688085679
020 ## - INTERNATIONAL STANDARD BOOK NUMBER
International Standard Book Number 0688085687 (lib. bdg.) :
Terms of availability $11.95
040 ## - CATALOGING SOURCE
Original cataloging agency FISKH
Transcribing agency FISKH
Modifying agency FISKH
Language of cataloging eng
042 ## - AUTHENTICATION CODE
Authentication code lcac
050 00 - LIBRARY OF CONGRESS CALL NUMBER
Classification number PZ7.B976
Item number My 1989
082 00 - DEWEY DECIMAL CLASSIFICATION NUMBER
Classification number 823.914
Edition number 19
100 1# - MAIN ENTRY--PERSONAL NAME
Personal name Butler, Dorothy,
Dates associated with a name 1925-
245 10 - TITLE STATEMENT
Title My brown bear Barney /
Statement of responsibility, etc. by Dorothy Butler ; illustrated by Elizabeth Fuller.
250 ## - EDITION STATEMENT
Edition statement This combination was first published in 1998
260 ## - PUBLICATION, DISTRIBUTION, ETC.
Place of publication, distribution, etc. New York :
Name of publisher, distributor, etc. Reed Children's Book,
Date of publication, distribution, etc. 1988
300 ## - PHYSICAL DESCRIPTION
Extent 70 unnumbered pages :
Other physical details color illustrations ;
Dimensions 24 cm
505 ## - FORMATTED CONTENTS NOTE
Formatted contents note N<br/>
520 ## - SUMMARY, ETC.
Summary, etc. On her many travels, a small girl takes many things, especially her brown bear Barney.
521 8# - TARGET AUDIENCE NOTE
Target audience note 580<br/>
Source Lexile<br/>
521 8# - TARGET AUDIENCE NOTE
Target audience note N<br/>
Source Raz-Plus<br/>
650 #1 - SUBJECT ADDED ENTRY--TOPICAL TERM
Topical term or geographic name entry element Teddy bears
General subdivision Fiction.
700 1# - ADDED ENTRY--PERSONAL NAME
Personal name Fuller, Elizabeth
Fuller form of name (Elizabeth A.),
Relator term illustrator
906 ## - LOCAL DATA ELEMENT F, LDF (RLIN)
a 7
b cbc
c orignew
d 1
e ocip
f 19
g y-gencatlg
942 ## - ADDED ENTRY ELEMENTS (KOHA)
Source of classification or shelving scheme Dewey Decimal Classification
Koha item type Books
Suppress in OPAC No
Holdings
Withdrawn status Lost status Source of classification or shelving scheme Damaged status Not for loan Collection Home library Current library Shelving location Date acquired Total Checkouts Full call number Barcode Date last seen Price effective from Koha item type
    Dewey Decimal Classification     Juvenile Fiction Footprints International School Library Network Toul Kork Campus Footprints International School Library Network Toul Kork Campus TK Primary Library Room(4th Floor), Bookcase 3&4, Shelves 17-32, Yellow Books 06/05/2024   BUT 823.914 PZ7.B976 FISTKG1A077 06/05/2024 06/05/2024 Books